Central Library || Chittagong University

Modern capitalism : (Record no. 110744)

MARC details
000 -LEADER
fixed length control field 00516nam a22001697a 4500
003 - CONTROL NUMBER IDENTIFIER
control field BD-ChCU
005 - DATE AND TIME OF LATEST TRANSACTION
control field 20260106113347.0
008 - FIXED-LENGTH DATA ELEMENTS--GENERAL INFORMATION
fixed length control field 260106b bg ||||| |||| 00| 0 ben d
040 ## - CATALOGING SOURCE
Transcribing agency BD-ChCU
082 ## - DEWEY DECIMAL CLASSIFICATION NUMBER
Classification number 338.91 SHM
100 ## - MAIN ENTRY--PERSONAL NAME
Personal name Shonfieid , Andrew .
9 (RLIN) 18682
245 ## - TITLE STATEMENT
Title Modern capitalism :
Remainder of title the changing balance of public and private power ./
Statement of responsibility, etc. Andrew , Shonfieid .
260 ## - PUBLICATION, DISTRIBUTION, ETC.
Place of publication, distribution, etc. London :
Name of publisher, distributor, etc. O.U.P.
Date of publication, distribution, etc. C 1965
300 ## - PHYSICAL DESCRIPTION
Extent xvi , 456p
650 #0 - SUBJECT ADDED ENTRY--TOPICAL TERM
Topical term or geographic name entry element Capitalism . Economics policy .
9 (RLIN) 18685
942 ## - ADDED ENTRY ELEMENTS (KOHA)
Source of classification or shelving scheme Dewey Decimal Classification
Koha item type Books
Suppress in OPAC No
Holdings
Withdrawn status Lost status Source of classification or shelving scheme Damaged status Not for loan Home library Current library Shelving location Date acquired Source of acquisition Total Checkouts Full call number Barcode Date last seen Copy number Price effective from Koha item type
    Dewey Decimal Classification     Chittagong University Library Chittagong University Library Business and Social Science Reading Room 01/06/2026 Purchase   338.91 SHM 3327 01/06/2026 C-1 01/06/2026 Books
    Dewey Decimal Classification     Chittagong University Library Chittagong University Library Business and Social Science Reading Room 01/06/2026 Purchase   338.91 SHM 12725 01/06/2026 C-2 01/06/2026 Books
© Copyright 2025. Chittagong University Library, Installation and Maintenance by Prof. Dr. Md. Alamgir, 01711306253